[Event "Regionalliga Nord-Ost 1718"]
[Site "Bayern"]
[Date "2017.11.12"]
[Round "2.1"]
[White "Strobel, Christian"]
[Black "Zvara, Petr"]
[Result "0-1"]
[WhiteElo "1971"]
[BlackElo "2379"]
[PlyCount "102"]
[EventDate "2017.10.22"]
[EventType "team-tourn"]
[EventRounds "9"]
[EventCountry "GER"]
[SourceTitle "EXT 2022"]
[Source "ChessBase"]
[SourceDate "2021.10.06"]
[SourceVersion "1"]
[SourceVersionDate "2021.10.06"]
[SourceQuality "1"]
[WhiteTeam "Kareth Lappersdorf II"]
[BlackTeam "Schwandorf"]
[WhiteTeamCountry "GER"]
[BlackTeamCountry "GER"]

1. e4 e5 2. c4 Nc6 3. Nc3 Bc5 4. g3 Qf6 5. Nf3 Nge7 6. Bg2 d6 7. 0-0 Nd4 8. Nxd4 Bxd4 9. d3 h5 10. h3 c6 11. Ne2 Bb6 12. Kh2 h4 13. g4 Bd7 14. f3 d5 15. Qc2 dxc4 16. dxc4 Ng6 17. c5 Bc7 18. Be3 0-0 19. Rfd1 Rad8 20. b3 Rfe8 21. Rd3 Bc8 22. Rad1 Rxd3 23. Rxd3 Nf8 24. Kg1 Ne6 25. Qc3 Qe7 26. b4 b6 27. cxb6 Bxb6 28. Bxb6 axb6 29. Qxc6 Ba6 30. b5 Qc5+ 31. Qxc5 Nxc5 32. Rd6 Bxb5 33. Nc3 Bd7 34. Rxb6 Ra8 35. a4 Bxa4 36. Bf1 Bd7 37. Rb1 Ra3 38. Rc1 Nb3 39. Nb1 Ra1 40. Rd1 Nd4 41. Kf2 Ba4 42. Re1 Ra2+ 43. Be2 Bb3 44. Kf1 Nxe2 45. Rxe2 Bc4 46. Nc3 Bxe2+ 47. Nxe2 Kf8 48. Kf2 Ke7 49. Ke3 Kd6 50. Kd3 Ra3+ 51. Nc3 Kc5 0-1

[Event "Regionalliga Nord-Ost 1718"]
[Site "Bayern"]
[Date "2017.10.22"]
[Round "1.2"]
[White "Strobel, Christian"]
[Black "Ammon, Tobias"]
[Result "0-1"]
[WhiteElo "1971"]
[BlackElo "2161"]
[PlyCount "50"]
[EventDate "2017.10.22"]
[EventType "team-tourn"]
[EventRounds "9"]
[EventCountry "GER"]
[SourceTitle "EXT 2022"]
[Source "ChessBase"]
[SourceDate "2021.10.06"]
[SourceVersion "1"]
[SourceVersionDate "2021.10.06"]
[SourceQuality "1"]
[WhiteTeam "Kareth Lappersdorf II"]
[BlackTeam "Altensittenbach"]
[WhiteTeamCountry "GER"]
[BlackTeamCountry "GER"]

1. c4 c6 2. d4 d5 3. Nf3 Nf6 4. Nc3 dxc4 5. a4 Bf5 6. e3 e6 7. Bxc4 Bb4 8. 0-0 0-0 9. Qb3 Qb6 10. Na2 Be7 11. Ne5 Nbd7 12. f3 Nxe5 13. dxe5 Nd7 14. Qc3 Qc5 15. f4 a5 16. Be2 Rfd8 17. b3 Qxc3 18. Nxc3 Bb4 19. Na2 Nc5 20. Nxb4 axb4 21. Bd1 Rd3 22. g4 Be4 23. Be2 Nxb3 24. Bxd3 Bxd3 25. Bd2 Bxf1 0-1

[Event "Oberliga Bayern 1617"]
[Site "Bayern"]
[Date "2017.04.30"]
[Round "9.8"]
[White "Strobel, Christian"]
[Black "Lohvinov, Petro"]
[Result "1/2-1/2"]
[WhiteElo "2034"]
[BlackElo "1767"]
[PlyCount "66"]
[EventDate "2016.10.16"]
[EventType "team-tourn"]
[EventRounds "9"]
[EventCountry "GER"]
[SourceTitle "EXT 2019"]
[Source "ChessBase"]
[SourceDate "2018.10.10"]
[SourceVersion "1"]
[SourceVersionDate "2018.10.10"]
[SourceQuality "1"]
[WhiteTeam "Kareth Lappersdorf"]
[BlackTeam "Muenchen Suedost"]
[WhiteTeamCountry "GER"]
[BlackTeamCountry "GER"]

1. e4 c5 2. Nc3 a6 3. g3 b5 4. Bg2 Bb7 5. d3 e6 6. Nh3 Nf6 7. 0-0 d5 8. exd5 Nxd5 9. Ne4 Nd7 10. Neg5 Qc7 11. Re1 N7f6 12. c3 h6 13. Ne4 Be7 14. Nf4 Rd8 15. Qe2 0-0 16. h4 Qd7 17. Nh5 Nxh5 18. Qxh5 Nf6 19. Nxf6+ Bxf6 20. Qxc5 Bxg2 21. Kxg2 Qxd3 22. Be3 Rd5 23. Qb6 Qe4+ 24. Kg1 Qg4 25. Kf1 Rh5 26. Qb7 Rd5 27. a4 Be5 28. Kg2 Rfd8 29. axb5 Qe4+ 30. Kg1 Qg4 31. Kg2 Qe4+ 32. Kg1 Qg4 33. Kg2 Qe4+ 1/2-1/2

[Event "Regionalliga NO 1617"]
[Site "Bayern"]
[Date "2016.12.04"]
[Round "3.2"]
[White "Gaydar, Paul"]
[Black "Strobel, Christian"]
[Result "1/2-1/2"]
[WhiteElo "2149"]
[BlackElo "2034"]
[PlyCount "57"]
[EventDate "2016.10.16"]
[EventType "team-tourn"]
[EventRounds "9"]
[EventCountry "GER"]
[SourceTitle "EXT 2019"]
[Source "ChessBase"]
[SourceDate "2018.10.10"]
[SourceVersion "1"]
[SourceVersionDate "2018.10.10"]
[SourceQuality "1"]
[WhiteTeam "Regensburg Turnerschaft"]
[BlackTeam "Kareth Lappersdorf II"]
[WhiteTeamCountry "GER"]
[BlackTeamCountry "GER"]

1. d4 Nf6 2. c4 g6 3. Nc3 Bg7 4. e4 d6 5. f3 0-0 6. Be3 e5 7. Nge2 Nc6 8. Qd2 a6 9. d5 Ne7 10. Nc1 Ne8 11. Bd3 f5 12. 0-0 f4 13. Bf2 g5 14. b4 Ng6 15. Nb3 g4 16. fxg4 Bxg4 17. Na5 b6 18. Nc6 Qg5 19. Kh1 Bh6 20. Be2 Nf6 21. Bf3 Rf7 22. Qe2 Nh4 23. Bxh4 Qxh4 24. c5 bxc5 25. bxc5 Rg7 26. Qf2 Qh5 27. Rab1 Bg5 28. Rb2 Bh4 29. Qg1 1/2-1/2

[Event "Oberliga Bayern 1415"]
[Site "Germany"]
[Date "2014.11.23"]
[Round "3.8"]
[White "Strobel, Christian"]
[Black "Schmidt, Anton"]
[Result "1-0"]
[WhiteElo "1906"]
[BlackElo "2164"]
[PlyCount "81"]
[EventDate "2014.10.19"]
[EventType "team-tourn"]
[EventRounds "9"]
[EventCountry "GER"]
[SourceTitle "EXT 2016"]
[Source "ChessBase"]
[SourceDate "2015.10.08"]
[SourceVersion "1"]
[SourceVersionDate "2015.10.08"]
[SourceQuality "1"]
[WhiteTeam "Kareth Lappersdorf"]
[BlackTeam "Groebenzell"]
[WhiteTeamCountry "GER"]
[BlackTeamCountry "GER"]

1. e4 e5 2. Nc3 Nf6 3. g3 d5 4. exd5 Nxd5 5. Bg2 Nxc3 6. bxc3 Nc6 7. Ne2 Bc5 8. 0-0 0-0 9. Rb1 Bb6 10. d3 Be6 11. c4 Rb8 12. Nc3 Qd7 13. Qh5 Bg4 14. Qh4 Nd4 15. Ne4 f5 16. c5 fxe4 17. Bxe4 h6 18. cxb6 Bf3 19. Re1 Bxe4 20. Qxe4 Nf3+ 21. Kg2 Nxe1+ 22. Qxe1 Qd5+ 23. Qe4 Qxe4+ 24. dxe4 cxb6 25. Rb5 Rbc8 26. Rxe5 Rxc2 27. Be3 Rxa2 28. Re7 Rf7 29. Re8+ Kh7 30. h4 b5 31. h5 b4 32. e5 b3 33. e6 Rc7 34. e7 Rxe7 35. Rxe7 b5 36. Bd4 b2 37. Rxg7+ Kh8 38. Rg5+ Kh7 39. Rxb5 Ra4 40. Rb7+ Kg8 41. Bxb2 1-0

[Event "Landesliga Nord 1213"]
[Site "Bayern"]
[Date "2013.02.24"]
[Round "7.6"]
[White "Hanft, Michael"]
[Black "Strobel, Christian"]
[Result "1/2-1/2"]
[WhiteElo "1977"]
[BlackElo "2023"]
[PlyCount "53"]
[EventDate "2012.10.14"]
[EventType "team-tourn"]
[EventRounds "9"]
[EventCountry "GER"]
[SourceTitle "EXT 2015"]
[Source "ChessBase"]
[SourceDate "2014.11.20"]
[SourceVersion "1"]
[SourceVersionDate "2014.11.20"]
[SourceQuality "1"]
[WhiteTeam "Kitzingen"]
[BlackTeam "Kareth Lappersdorf"]
[WhiteTeamCountry "GER"]
[BlackTeamCountry "GER"]

1. d4 Nf6 2. c4 e6 3. Nf3 b6 4. g3 Bb7 5. Bg2 Bb4+ 6. Bd2 Qe7 7. 0-0 Bxd2 8. Qxd2 0-0 9. Nc3 d6 10. d5 e5 11. e4 a5 12. Ne1 Na6 13. Nd3 Nd7 14. f4 f6 15. b3 Nac5 16. Rab1 Nxd3 17. Qxd3 Nc5 18. Qe2 Bc8 19. f5 Bd7 20. Kh1 Kh8 21. g4 Rg8 22. Rg1 g6 23. Bf3 Rg7 24. Qe3 Rag8 25. Be2 Be8 26. Rbf1 gxf5 27. gxf5 1/2-1/2

[Event "Landesliga Nord 1213"]
[Site "Bayern"]
[Date "2013.01.13"]
[Round "5.6"]
[White "Buecker, Florian"]
[Black "Strobel, Christian"]
[Result "1/2-1/2"]
[WhiteElo "2030"]
[BlackElo "2023"]
[PlyCount "89"]
[EventDate "2012.10.14"]
[EventType "team-tourn"]
[EventRounds "9"]
[EventCountry "GER"]
[SourceTitle "EXT 2015"]
[Source "ChessBase"]
[SourceDate "2014.11.20"]
[SourceVersion "1"]
[SourceVersionDate "2014.11.20"]
[SourceQuality "1"]
[WhiteTeam "Bamberg"]
[BlackTeam "Kareth Lappersdorf"]
[WhiteTeamCountry "GER"]
[BlackTeamCountry "GER"]

1. d4 Nf6 2. Nf3 e6 3. Bg5 b6 4. e3 Bb7 5. Bd3 h6 6. Bh4 Be7 7. Nbd2 d5 8. Ne5 0-0 9. 0-0 c5 10. c3 Nc6 11. f4 Ne4 12. Bxe7 Nxe7 13. Ndf3 f6 14. Ng4 Nf5 15. Qe2 Qc7 16. g3 Rae8 17. Kg2 Nfd6 18. Rae1 Qf7 19. Nf2 Qc7 20. Ng4 c4 21. Bb1 b5 22. Nf2 a5 23. Nh4 Qf7 24. Nxe4 dxe4 25. f5 Qd7 26. Qg4 Bc8 27. fxe6 Qxe6 28. Qxe6+ Bxe6 29. d5 Bc8 30. Ng6 Rf7 31. Bc2 Bg4 32. Bd1 Bxd1 33. Rxd1 Kh7 34. Nf4 Re5 35. Ne6 Kg8 36. a3 Rb7 37. Nd8 Rd7 38. Nc6 Rg5 39. Nxa5 Nf5 40. Kf2 h5 41. Nc6 h4 42. Rg1 hxg3+ 43. hxg3 Kf7 44. Rd2 Rh5 45. Rg2 1/2-1/2

[Event "Landesliga Nord 1213"]
[Site "Bayern"]
[Date "2012.10.14"]
[Round "1.8"]
[White "Opitz, Benjamin"]
[Black "Strobel, Christian"]
[Result "1-0"]
[WhiteElo "1824"]
[BlackElo "2023"]
[PlyCount "109"]
[EventDate "2012.10.14"]
[EventType "team-tourn"]
[EventRounds "9"]
[EventCountry "GER"]
[SourceTitle "EXT 2015"]
[Source "ChessBase"]
[SourceDate "2014.11.20"]
[SourceVersion "1"]
[SourceVersionDate "2014.11.20"]
[SourceQuality "1"]
[WhiteTeam "Bindlach II"]
[BlackTeam "Kareth Lappersdorf"]
[WhiteTeamCountry "GER"]
[BlackTeamCountry "GER"]

1. e4 e6 2. d4 d5 3. Bd3 c5 4. exd5 exd5 5. Nf3 Nf6 6. 0-0 c4 7. Be2 Be7 8. b3 cxb3 9. axb3 0-0 10. c4 Nc6 11. Nc3 Bf5 12. Be3 Re8 13. h3 Bb4 14. Nxd5 Nxd5 15. cxd5 Qxd5 16. Bc4 Qd7 17. Nh4 Be4 18. d5 Ne5 19. Qh5 b5 20. Be2 a5 21. Rfd1 Ra6 22. Bf4 Ng6 23. Bg4 f5 24. Nxf5 Bxf5 25. Bxf5 Qf7 26. Bg3 Qf6 27. Bd7 Rd8 28. Bxb5 Ra7 29. Bc4 Kh8 30. Bd3 Rad7 31. Bxg6 Qxg6 32. Qxg6 hxg6 33. d6 Bxd6 34. Bxd6 Rxd6 35. Rxd6 Rxd6 36. Rxa5 Rd2 37. Rb5 Rb2 38. b4 Kh7 39. Rb8 Kh6 40. b5 g5 41. b6 Kh5 42. b7 Kg6 43. Kh2 Rb3 44. g3 Rb2 45. Kg2 Rb3 46. h4 g4 47. Kf1 Rb2 48. Ke1 Rb1+ 49. Kd2 Rb2+ 50. Kc3 Rb1 51. Kd4 Rb4+ 52. Kc5 Rb2 53. h5+ Kg5 54. h6 Kg6 55. Rg8 1-0

[Event "Regionalliga NO 1011"]
[Site "Bayern"]
[Date "2011.02.06"]
[Round "6.7"]
[White "Angerer, Martin"]
[Black "Strobel, Christian"]
[Result "0-1"]
[WhiteElo "1909"]
[BlackElo "2078"]
[PlyCount "114"]
[EventDate "2010.10.10"]
[EventType "team-tourn"]
[EventRounds "9"]
[EventCountry "GER"]
[SourceTitle "EXT 2012"]
[Source "ChessBase"]
[SourceDate "2011.11.24"]
[SourceVersion "1"]
[SourceVersionDate "2011.11.24"]
[SourceQuality "1"]
[WhiteTeam "Weiden"]
[BlackTeam "Kareth Lappersdorf"]
[WhiteTeamCountry "GER"]
[BlackTeamCountry "GER"]

1. e4 e6 2. d4 d5 3. Nc3 Bb4 4. e5 c5 5. a3 Bxc3+ 6. bxc3 Qc7 7. Nf3 Bd7 8. a4 Nc6 9. Bd2 f6 10. exf6 Nxf6 11. Bd3 0-0 12. 0-0 c4 13. Be2 Rae8 14. Re1 Ne4 15. Bf1 Kh8 16. Rxe4 dxe4 17. Ng5 g6 18. Nxe4 Ne7 19. Qe2 Nf5 20. Nc5 b6 21. Nxd7 Qxd7 22. Bf4 Rc8 23. Qe5+ Kg8 24. g4 Nh4 25. Qe4 Qd5 26. Qxd5 exd5 27. Bg3 Nf3+ 28. Kh1 a6 29. Bg2 Rce8 30. Rb1 Re6 31. Bxf3 Rxf3 32. Kg2 Rxc3 33. Rb2 Ra3 34. Bc7 Rxa4 35. Bxb6 Ra1 36. Bc7 Re7 37. Rb8+ Kf7 38. Bd6 Rd7 39. Be5 Ra2 40. Ra8 a5 41. Ra6 a4 42. Ra5 a3 43. Kf3 Rxc2 44. Rxa3 Re7 45. Ra5 Rxe5 46. dxe5 Ke6 47. Ra7 Kxe5 48. Rxh7 Kd4 49. h4 Kd3 50. Rd7 d4 51. h5 gxh5 52. gxh5 Rc1 53. Kg2 Ra1 54. h6 Ra6 55. h7 Rg6+ 56. Kh2 Rh6+ 57. Kg2 c3 0-1

[Event "Regionalliga NO 1011"]
[Site "Bayern"]
[Date "2010.11.14"]
[Round "3.7"]
[White "Strobel, Christian"]
[Black "Bartmann, Florian"]
[Result "1/2-1/2"]
[WhiteElo "2078"]
[BlackElo "1651"]
[PlyCount "95"]
[EventDate "2010.10.10"]
[EventType "team-tourn"]
[EventRounds "9"]
[EventCountry "GER"]
[SourceTitle "EXT 2012"]
[Source "ChessBase"]
[SourceDate "2011.11.24"]
[SourceVersion "1"]
[SourceVersionDate "2011.11.24"]
[SourceQuality "1"]
[WhiteTeam "Kareth Lappersdorf"]
[BlackTeam "Kelheim II"]
[WhiteTeamCountry "GER"]
[BlackTeamCountry "GER"]

1. c4 Nf6 2. Nf3 e6 3. g3 d5 4. d4 c5 5. Bg2 Nc6 6. cxd5 Nxd5 7. 0-0 Qb6 8. e4 Nf6 9. d5 Nd4 10. Nc3 Nxf3+ 11. Bxf3 Bd7 12. Qc2 Bd6 13. Re1 Qc7 14. Bg5 h6 15. Bd2 0-0 16. Nd1 exd5 17. exd5 Rae8 18. Ne3 b5 19. Nf5 Bxf5 20. Qxf5 Re5 21. Rxe5 Bxe5 22. Bc3 Bxc3 23. bxc3 Ne8 24. Re1 Nd6 25. Qf4 Rd8 26. Re5 Qa5 27. Qe3 Qb6 28. Be2 a5 29. Bd3 b4 30. Bc2 Qb5 31. cxb4 axb4 32. Qf4 Qa6 33. Bb1 Qa3 34. Re1 Qa8 35. Qh4 Qa5 36. Re7 c4 37. Qd4 Qb5 38. Bg6 Rd7 39. Rxd7 Qxd7 40. Bc2 Qb5 41. Qa7 Qb7 42. Qc5 b3 43. axb3 cxb3 44. Bxb3 Qxb3 45. Qxd6 Qb1+ 46. Kg2 Qe4+ 47. Kg1 Qe1+ 48. Kg2 1/2-1/2

[Event "Nittenau-ch 10th"]
[Site "Nittenau"]
[Date "2010.09.19"]
[Round "5"]
[White "Strobel, Christian"]
[Black "Fuhrmann, Max"]
[Result "1-0"]
[WhiteElo "2061"]
[BlackElo "2060"]
[PlyCount "121"]
[EventDate "2010.09.17"]
[EventType "swiss"]
[EventRounds "5"]
[EventCountry "GER"]
[SourceTitle "EXT 2022"]
[Source "ChessBase"]
[SourceDate "2021.10.06"]
[SourceVersion "1"]
[SourceVersionDate "2021.10.06"]
[SourceQuality "1"]

1. e4 c6 2. d4 d5 3. exd5 cxd5 4. Bd3 Nc6 5. c3 Nf6 6. Bf4 Bg4 7. Qb3 Na5 8. Qa4+ Bd7 9. Qc2 Rc8 10. Nf3 e6 11. 0-0 Be7 12. Re1 b5 13. a3 Nc4 14. Nbd2 a5 15. Ne5 h6 16. Ndf3 Qb6 17. h3 b4 18. axb4 axb4 19. Bxc4 dxc4 20. Nxd7 Nxd7 21. Qa4 Qb7 22. Ne5 Bf6 23. Nxd7 Qxd7 24. Qxb4 Be7 25. Qa4 Qxa4 26. Rxa4 0-0 27. Ra7 Bf6 28. Be5 Bg5 29. Rea1 Rfd8 30. Rb7 Ra8 31. Raa7 Rxa7 32. Rxa7 Bc1 33. Rc7 Bxb2 34. Rxc4 f6 35. Bf4 Rd5 36. Be3 e5 37. Kf1 exd4 38. Bxd4 Rd7 39. Ke2 Kf7 40. Kd3 Ke6 41. Ra4 Bc1 42. g3 h5 43. f4 g5 44. Ra6+ Rd6 45. Rxd6+ Kxd6 46. fxg5 fxg5 47. Be3 Ba3 48. Bxg5 Kd5 49. Bf4 Bc5 50. c4+ Ke6 51. Ke4 Bf2 52. Be5 Bc5 53. Bd4 Bd6 54. g4 hxg4 55. hxg4 Bc7 56. g5 Bd6 57. g6 Bb4 58. g7 Kf7 59. Kd5 Ba3 60. c5 Bxc5 61. Kxc5 1-0

[Event "Nittenau-ch 10th"]
[Site "Nittenau"]
[Date "2010.09.18"]
[Round "3"]
[White "Strobel, Christian"]
[Black "Weigert, Wilhelm"]
[Result "1-0"]
[WhiteElo "2061"]
[BlackElo "1857"]
[PlyCount "91"]
[EventDate "2010.09.17"]
[EventType "swiss"]
[EventRounds "5"]
[EventCountry "GER"]
[SourceTitle "EXT 2022"]
[Source "ChessBase"]
[SourceDate "2021.10.06"]
[SourceVersion "1"]
[SourceVersionDate "2021.10.06"]
[SourceQuality "1"]

1. e4 c5 2. Nc3 Nc6 3. g3 g6 4. Bg2 Bg7 5. d3 d6 6. Be3 e6 7. Qd2 Rb8 8. Nf3 b5 9. 0-0 Nge7 10. Bh6 0-0 11. Nh4 Nd4 12. Bxg7 Kxg7 13. Nd1 Qb6 14. Ne3 f5 15. f4 c4 16. Rf2 cxd3 17. Qxd3 fxe4 18. Bxe4 d5 19. Bg2 b4 20. Rd1 Ndf5 21. Nexf5+ Nxf5 22. Nxf5+ Rxf5 23. Qd4+ Qxd4 24. Rxd4 Rb6 25. g4 Rf7 26. Bf1 Bb7 27. Kg2 a5 28. Kg3 a4 29. h4 Bc6 30. Bd3 h6 31. Re2 Bd7 32. Re5 Rb7 33. h5 gxh5 34. Rxh5 Rb6 35. Re5 Kf6 36. Rh5 Kg7 37. g5 hxg5 38. fxg5 Be8 39. Rdh4 Kf8 40. Rh8+ Ke7 41. Bg6 Rf3+ 42. Kxf3 Bxg6 43. Rc8 e5 44. Rh6 d4 45. Rc7+ Kf8 46. Rh8# 1-0

[Event "Regionalliga NO 0910"]
[Site "Bayern"]
[Date "2010.02.28"]
[Round "7.6"]
[White "Werner, Claus"]
[Black "Strobel, Christian"]
[Result "1-0"]
[WhiteElo "2183"]
[BlackElo "2059"]
[PlyCount "55"]
[EventDate "2009.10.18"]
[EventType "team-tourn"]
[EventRounds "9"]
[EventCountry "GER"]
[SourceTitle "EXT 2011"]
[Source "ChessBase"]
[SourceDate "2010.11.26"]
[SourceVersion "1"]
[SourceVersionDate "2010.11.26"]
[SourceQuality "1"]
[WhiteTeam "Neutraubling"]
[BlackTeam "Kareth Lappersdorf"]
[WhiteTeamCountry "GER"]
[BlackTeamCountry "GER"]

1. e4 e6 2. d4 d5 3. Nc3 Bb4 4. e5 c5 5. a3 Bxc3+ 6. bxc3 Ne7 7. Nf3 Bd7 8. Be2 Ba4 9. 0-0 Qc7 10. dxc5 Nd7 11. Re1 Nxc5 12. Nd4 0-0 13. Bf1 Nd7 14. Bd2 Nc6 15. Bd3 Nc5 16. Qg4 Rae8 17. Nf3 Nxd3 18. cxd3 Bb5 19. Re3 f5 20. exf6 Rxf6 21. Rae1 Qd6 22. Ng5 Nd8 23. Rg3 Rg6 24. Qh4 Rh6 25. Ne4 Rxh4 26. Nxd6 Bd7 27. Nxe8 Bxe8 28. Bg5 1-0

[Event "Regionalliga NO 0809"]
[Site "Bayern"]
[Date "2009.01.18"]
[Round "5.5"]
[White "Auer, Guenther"]
[Black "Strobel, Christian"]
[Result "1/2-1/2"]
[WhiteElo "2017"]
[BlackElo "2092"]
[PlyCount "37"]
[EventDate "2008.10.05"]
[EventType "team-tourn"]
[EventRounds "9"]
[EventCountry "GER"]
[SourceTitle "EXT 2020"]
[Source "ChessBase"]
[SourceDate "2019.10.17"]
[SourceVersion "1"]
[SourceVersionDate "2019.10.17"]
[SourceQuality "1"]
[WhiteTeam "Altensittenbach"]
[BlackTeam "Kareth Lappersdorf"]
[WhiteTeamCountry "GER"]
[BlackTeamCountry "GER"]

1. c4 e5 2. Nc3 Nc6 3. Nf3 g6 4. g3 Bg7 5. Bg2 d6 6. d3 h6 7. e4 Be6 8. b4 Qd7 9. Rb1 Nge7 10. b5 Nd4 11. Nxd4 exd4 12. Ne2 Bh3 13. Bxh3 Qxh3 14. Nf4 Qd7 15. 0-0 0-0 16. Nd5 Rae8 17. Bd2 f5 18. f3 Kh7 19. Nxe7 1/2-1/2

[Event "Regionalliga NO 0708"]
[Site "Bayern"]
[Date "2008.03.09"]
[Round "7.4"]
[White "Strobel, Christian"]
[Black "Eiber, Manfred"]
[Result "1/2-1/2"]
[WhiteElo "2049"]
[BlackElo "2162"]
[PlyCount "47"]
[EventDate "2007.10.21"]
[EventType "team-tourn"]
[EventRounds "9"]
[EventCountry "GER"]
[SourceTitle "EXT 2009"]
[Source "ChessBase"]
[SourceDate "2008.11.26"]
[SourceVersion "1"]
[SourceVersionDate "2008.11.26"]
[SourceQuality "1"]
[WhiteTeam "Kareth Lappersdorf"]
[BlackTeam "Nuernberg Sued SW"]
[WhiteTeamCountry "GER"]
[BlackTeamCountry "GER"]

1. e4 c6 2. d4 d5 3. exd5 cxd5 4. Bd3 Nc6 5. c3 Nf6 6. Bf4 Bg4 7. Qb3 Qc8 8. Nd2 e6 9. Ngf3 Be7 10. 0-0 Bh5 11. Ne5 0-0 12. Qc2 Bg6 13. Nxg6 hxg6 14. Nf3 Rd8 15. Rfe1 Nh7 16. Re3 Qd7 17. Rae1 Rac8 18. Qe2 Nf8 19. Bg5 f6 20. Bf4 a6 21. Nh4 f5 22. Nf3 Bf6 23. h3 Na5 24. Ne5 1/2-1/2

[Event "Regionalliga NO 0708"]
[Site "Bayern"]
[Date "2007.11.04"]
[Round "2.5"]
[White "Kirch, Daniel"]
[Black "Strobel, Christian"]
[Result "0-1"]
[WhiteElo "2004"]
[BlackElo "2049"]
[PlyCount "74"]
[EventDate "2007.10.21"]
[EventType "team-tourn"]
[EventRounds "9"]
[EventCountry "GER"]
[SourceTitle "EXT 2009"]
[Source "ChessBase"]
[SourceDate "2008.11.26"]
[SourceVersion "1"]
[SourceVersionDate "2008.11.26"]
[SourceQuality "1"]
[WhiteTeam "Grossenseebach"]
[BlackTeam "Kareth Lappersdorf"]
[WhiteTeamCountry "GER"]
[BlackTeamCountry "GER"]

1. d4 Nf6 2. c4 g6 3. Nc3 Bg7 4. e4 d6 5. Nf3 0-0 6. Be2 Nbd7 7. h3 e5 8. Be3 exd4 9. Nxd4 Nc5 10. Qc2 Re8 11. Bf3 Qe7 12. Bg5 Qe5 13. Bxf6 Bxf6 14. Ndb5 Bd8 15. Rd1 a6 16. Nd4 Ne6 17. Nxe6 Bxe6 18. Ne2 Qa5+ 19. Qc3 Qxc3+ 20. Nxc3 Bxc4 21. b3 Bb5 22. Nxb5 axb5 23. Rd2 f5 24. Re2 c6 25. 0-0 Bf6 26. Rd1 fxe4 27. Rxe4 Rxe4 28. Bxe4 Rxa2 29. f4 d5 30. Bf3 Rb2 31. Rd3 Kf7 32. Bg4 Ke7 33. Re3+ Kd8 34. Kf1 Bd4 35. Rf3 b4 36. f5 h5 37. f6 Rb1+ 0-1

[Event "Regionalliga NO 0607"]
[Site "Bayern"]
[Date "2007.04.22"]
[Round "9.5"]
[White "Strobel, Christian"]
[Black "Roesch, Otto"]
[Result "1/2-1/2"]
[WhiteElo "2049"]
[BlackElo "1899"]
[PlyCount "21"]
[EventDate "2006.10.15"]
[EventType "team-tourn"]
[EventRounds "9"]
[EventCountry "GER"]
[SourceTitle "EXT 2008"]
[Source "ChessBase"]
[SourceDate "2007.11.25"]
[SourceVersion "1"]
[SourceVersionDate "2007.11.25"]
[SourceQuality "1"]
[WhiteTeam "Kareth Lappersdorf"]
[BlackTeam "Hirschau"]
[WhiteTeamCountry "GER"]
[BlackTeamCountry "GER"]

1. e4 e5 2. Nf3 Nc6 3. Bb5 Nd4 4. Nxd4 exd4 5. 0-0 Bc5 6. d3 Ne7 7. Qh5 Bb6 8. Bg5 0-0 9. Nd2 f6 10. Bh4 c6 11. Bc4+ 1/2-1/2

[Event "Regionalliga NO 0607"]
[Site "Bayern"]
[Date "2007.02.04"]
[Round "5.5"]
[White "Wallinger, Manfred"]
[Black "Strobel, Christian"]
[Result "1-0"]
[WhiteElo "2138"]
[BlackElo "2049"]
[PlyCount "81"]
[EventDate "2006.10.15"]
[EventType "team-tourn"]
[EventRounds "9"]
[EventCountry "GER"]
[SourceTitle "EXT 2008"]
[Source "ChessBase"]
[SourceDate "2007.11.25"]
[SourceVersion "1"]
[SourceVersionDate "2007.11.25"]
[SourceQuality "1"]
[WhiteTeam "Altensittenbach"]
[BlackTeam "Kareth Lappersdorf"]
[WhiteTeamCountry "GER"]
[BlackTeamCountry "GER"]

1. d4 e6 2. c4 d5 3. Nc3 c5 4. cxd5 cxd4 5. Qxd4 Nc6 6. Qd1 exd5 7. Qxd5 Bd7 8. Nf3 Nf6 9. Qb3 Bc5 10. e3 Qe7 11. Be2 0-0-0 12. a3 Kb8 13. Qc2 g5 14. b4 g4 15. Nh4 Bb6 16. Bb2 Rhg8 17. Na4 Bc7 18. Nc5 Be5 19. Rd1 Bc8 20. 0-0 Bxb2 21. Qxb2 Ne5 22. Rxd8 Rxd8 23. Qc2 Rg8 24. Rc1 h5 25. Nf5 Qd8 26. Rd1 Qc7 27. Nd4 Nf3+ 28. Bxf3 gxf3 29. g3 h4 30. Rc1 Qd6 31. Nxf3 hxg3 32. hxg3 b6 33. Ne4 Nxe4 34. Qxe4 Bb7 35. Qe5 Qxe5 36. Nxe5 Rh8 37. f3 f6 38. Nc6+ Kc7 39. Nxa7+ Kd6 40. e4 Ra8 41. Nb5+ 1-0

[Event "Regionalliga NO 0607"]
[Site "Bayern"]
[Date "2006.12.10"]
[Round "4.5"]
[White "Strobel, Christian"]
[Black "Gradl, Winfried"]
[Result "1/2-1/2"]
[WhiteElo "2049"]
[BlackElo "2022"]
[PlyCount "55"]
[EventDate "2006.10.15"]
[EventType "team-tourn"]
[EventRounds "9"]
[EventCountry "GER"]
[SourceTitle "EXT 2008"]
[Source "ChessBase"]
[SourceDate "2007.11.25"]
[SourceVersion "1"]
[SourceVersionDate "2007.11.25"]
[SourceQuality "1"]
[WhiteTeam "Kareth Lappersdorf"]
[BlackTeam "Weiden"]
[WhiteTeamCountry "GER"]
[BlackTeamCountry "GER"]

1. e4 c6 2. d4 d5 3. exd5 cxd5 4. Bd3 Nc6 5. c3 Nf6 6. Bf4 Bg4 7. Qb3 Qd7 8. Nd2 e6 9. Ngf3 Bxf3 10. Nxf3 Bd6 11. Bxd6 Qxd6 12. 0-0 0-0 13. Rae1 Rab8 14. Bb1 b5 15. a3 a5 16. Qc2 b4 17. axb4 axb4 18. Ng5 g6 19. Qd2 bxc3 20. bxc3 Na5 21. Nf3 Kg7 22. Ne5 Rfc8 23. Re3 Nc4 24. Nxc4 Rxc4 25. Rh3 h5 26. Qg5 Qc7 27. Rf3 Nh7 28. Qd2 1/2-1/2

[Event "Regionalliga NO 0607"]
[Site "Bayern"]
[Date "2006.10.15"]
[Round "1.4"]
[White "Strobel, Christian"]
[Black "Franz, Gerhard"]
[Result "1/2-1/2"]
[WhiteElo "2049"]
[BlackElo "2020"]
[PlyCount "44"]
[EventDate "2006.10.15"]
[EventType "team-tourn"]
[EventRounds "9"]
[EventCountry "GER"]
[SourceTitle "EXT 2008"]
[Source "ChessBase"]
[SourceDate "2007.11.25"]
[SourceVersion "1"]
[SourceVersionDate "2007.11.25"]
[SourceQuality "1"]
[WhiteTeam "Kareth Lappersdorf"]
[BlackTeam "Amberg Siemens"]
[WhiteTeamCountry "GER"]
[BlackTeamCountry "GER"]

1. e4 d6 2. d4 Nf6 3. f3 c5 4. dxc5 Qa5+ 5. Nd2 Qxc5 6. Nb3 Qb6 7. Ne2 Nc6 8. Ned4 Nxd4 9. Nxd4 g6 10. c3 Bg7 11. Bb5+ Bd7 12. Qe2 Bxb5 13. Nxb5 a6 14. Nd4 0-0 15. Be3 Qc7 16. 0-0 Rac8 17. Rad1 Qc4 18. Qxc4 Rxc4 19. Nb3 b5 20. a3 Ra8 21. Na5 Rcc8 22. Bd4 Nd7 1/2-1/2